Faculty of Law Library — Cairo University

Official Online Catalog

Droit Nucléaire Européen / (Record no. 58919)

MARC details
000 -LEADER
fixed length control field 01422nam a2200337 i 4500
003 - CONTROL NUMBER IDENTIFIER
control field EG-GICUC
005 - DATE AND TIME OF LATEST TRANSACTION
control field 20260124154148.0
008 - FIXED-LENGTH DATA ELEMENTS--GENERAL INFORMATION
fixed length control field 260124s1968 fr ||||fr|||| 000 0 fre d
040 ## - CATALOGING SOURCE
Original cataloging agency EG-GiCUC
Language of cataloging fre
Transcribing agency EG-GiCUC
Modifying agency EG-GiCUC
Description conventions Rda
041 ## - LANGUAGE CODE
Language code of text/sound track or separate title fre
082 04 - DEWEY DECIMAL CLASSIFICATION NUMBER
Edition number 21
Classification number 341.63
Item number CO . D
092 04 - LOCALLY ASSIGNED DEWEY CALL NUMBER (OCLC)
Edition number 21
099 ## - LOCAL FREE-TEXT CALL NUMBER (OCLC)
Classification number Law1 11 341.63 CO . D 1968
111 ## - MAIN ENTRY--MEETING NAME
Meeting name or jurisdiction name as entry element Colloque De Droit Nucléaire Européen
Location of meeting Paris,
Date of meeting or treaty signing 5-6 Mai 1966
Relator term Auteur
245 10 - TITLE STATEMENT
Title Droit Nucléaire Européen /
Statement of responsibility, etc. Colloque De Droit Nucléaire Européen (Paris, 5-6 Mai 1966).
264 #1 - PRODUCTION, PUBLICATION, DISTRIBUTION, MANUFACTURE, AND COPYRIGHT NOTICE
Place of production, publication, distribution, manufacture Paris :
Name of producer, publisher, distributor, manufacturer Presses Universitaires De France,
Date of production, publication, distribution, manufacture, or copyright notice 1968.
300 ## - PHYSICAL DESCRIPTION
Extent 268 page ;
Dimensions 24 cm.
Other physical details illustration ;
336 ## - CONTENT TYPE
Source rda contenu
Content type term texte
337 ## - MEDIA TYPE
Source rda medias
Media type term Ordinateur
338 ## - CARRIER TYPE
Source transporteur rda
Carrier type term Ressource en ligne
490 ## - SERIES STATEMENT
Series statement Travaux Et Recherches De La Faculté De Droit Et Des Sciences Économiques De Paris
Volume/sequential designation 6
500 ## - GENERAL NOTE
General note A. Albonetti, W. E. Belser, R. Berger, Y. Demoures<br/>Y. Devadder, G. Erler, H. Fischerhof, J. Gijssels<br/>J. Gourrier, J. Hébert, E. Jacchia, N. Pelzer<br/>R. M. Stein, J. Virole
504 ## - BIBLIOGRAPHY, ETC. NOTE
Bibliography, etc. note Bibliography: pages 200-250. 240-220
546 ## - LANGUAGE NOTE
Language note Texte en français
650 14 - SUBJECT ADDED ENTRY--TOPICAL TERM
Topical term or geographic name entry element Conduite de la guerre
Source of heading or term qrmak
General subdivision (armes et méthodes de guerre)
651 1# - SUBJECT ADDED ENTRY--GEOGRAPHIC NAME
Source of heading or term qrmak
700 1# - ADDED ENTRY--PERSONAL NAME
Personal name Colliard, Albert
Relator term Préfacier
856 40 - ELECTRONIC LOCATION AND ACCESS
Uniform Resource Identifier <a href="https://fll.law.cu.edu.eg/fulltext/bks/B11-06731.pdf">https://fll.law.cu.edu.eg/fulltext/bks/B11-06731.pdf</a>
905 ## - Cataloger and Reviser Names
Cataloger Name: Hager Mohamed
942 ## - ADDED ENTRY ELEMENTS (KOHA)
Source of classification or shelving scheme Dewey Decimal Classification
Koha item type Books
Edition 21
Suppress in OPAC No
Holdings
Withdrawn status Lost status Source of classification or shelving scheme Damaged status Not for loan Collection Home library Current library Date acquired Total checkouts Full call number Barcode Date last seen Copy number Price effective from Koha item type
    Dewey Decimal Classification   Not for loan القانون الدولي العام جــــامعة القــاهرة مكتبة كلية الحقوق - المبنى الرئيسي 24.01.2026   Law1 11 341.63 CO . D 1968 1106731 C1 B11-06731 24.01.2026 C1 24.01.2026 Books

© All rights reserved — Faculty of Law, Cairo University